000 00658nam a22001937a 4500
005 20170831105913.0
010 _aENG-120173
020 _c400.00
035 _aEN-103705
037 _bDBAD/PUB
082 _a294.5925
100 _aParthasarathy, R
245 _aCaturyuga calendar of vaivasvata manvantara :
_cby R. Parthasarathy
_bpuranic chronicles /
260 _aChennai
_bThe Kuppuswami Sastri Research Institute
_c2015
270 _aThe Kuppuswami Sastri Research Institute
_bMylapore (Chennai)
300 _axvii, 212p.
_c24cm(Hb)
500 _aIncludes bibliographical references
942 _2ddc
_cEN
_h294.5925
_mPAR
999 _c143930
_d143930